Encuesta nacional de gastos de los hogares (Registro nro. 8495)
[ vista simple ]
| 000 -LEADER | |
|---|---|
| fixed length control field | 01173nas a2200265 454500 |
| 001 - CONTROL NUMBER | |
| control field | 16330 |
| 005 - DATE AND TIME OF LATEST TRANSACTION | |
| control field | 20260407193505.0 |
| 008 - FIXED-LENGTH DATA ELEMENTS--GENERAL INFORMATION | |
| fixed length control field | 260407s1996####ag###########|||spa#d |
| 003 - CONTROL NUMBER IDENTIFIER | |
| control field | AR-UNSa-BCEJYS |
| 040 ## - CATALOGING SOURCE | |
| Original cataloging agency | AR-UNSa-BCEJYS |
| Language of cataloging | spa |
| Transcribing agency | AR-UNSa-BCEJYS |
| 080 ## - UNIVERSAL DECIMAL CLASSIFICATION NUMBER | |
| Universal Decimal Classification number | 311.3 |
| Common auxiliary subdivision | Organización general de las estadisticas. Estadística oficial |
| 041 ## - LANGUAGE CODE | |
| Language code of text/sound track or separate title | spa |
| 100 1# - MAIN ENTRY--PERSONAL NAME | |
| Personal name | Instituto Nacional de Estadística y Censos (INDEC) |
| 245 10 - TITLE STATEMENT | |
| Title | Encuesta nacional de gastos de los hogares |
| 264 #1 - PRODUCTION, PUBLICATION, DISTRIBUTION, MANUFACTURE, AND COPYRIGHT NOTICE | |
| Place of production, publication, distribution, manufacture | Buenos Aires : |
| Name of producer, publisher, distributor, manufacturer | INDEC |
| Date of production, publication, distribution, manufacture, or copyright notice | 1996 |
| 310 ## - CURRENT PUBLICATION FREQUENCY | |
| Current publication frequency | Frecuencia: irregular |
| 505 ## - FORMATTED CONTENTS NOTE | |
| Formatted contents note | Los datos que se revelaron permiten analizar las condiciones socioeconómicas de la población, investigar los ingresos de los hogares y el destino de éstos en la adquisición de los diferentes bienes y servicios y relacionar los ingresos y gastos con variables sociodemográficas. |
| 590 ## - LOCAL NOTE (RLIN) | |
| Local note | niveau_biblio:s niveau_hierar:1 |
| 650 ## - SUBJECT ADDED ENTRY--TOPICAL TERM | |
| Topical term or geographic name entry element | ESTADISTICA |
| 650 ## - SUBJECT ADDED ENTRY--TOPICAL TERM | |
| Topical term or geographic name entry element | Consumo |
| 650 ## - SUBJECT ADDED ENTRY--TOPICAL TERM | |
| Topical term or geographic name entry element | Análisis socioeconómico |
| 650 ## - SUBJECT ADDED ENTRY--TOPICAL TERM | |
| Topical term or geographic name entry element | Ingreso |
| 856 41 - ELECTRONIC LOCATION AND ACCESS | |
| Uniform Resource Identifier | <a href="https://biblioeco.unsa.edu.ar/pmb/images/revistas/Encuesta Nacional de Gastos de los hogares.jpg">https://biblioeco.unsa.edu.ar/pmb/images/revistas/Encuesta Nacional de Gastos de los hogares.jpg</a> |
| Link text | Imagen de portada |
| Electronic format type | image/jpeg |
| 942 ## - ADDED ENTRY ELEMENTS (KOHA) | |
| Koha item type | |
| Withdrawn status | Lost status | Damaged status | Not for loan | Home library | Current library | Shelving location | Date acquired | Serial enumeration / chronology | Total checkouts | Full call number | Barcode | Date last seen | Price effective from | Koha item type |
|---|---|---|---|---|---|---|---|---|---|---|---|---|---|---|
| Biblioteca Prof. Eusebio Cleto del Rey | Biblioteca Prof. Eusebio Cleto del Rey | 01/11/2019 | Nov. 2019 | H311.3 GAS 2017/2018 | R22357 | 10/04/2026 | 10/04/2026 | Numero | ||||||
| Biblioteca Prof. Eusebio Cleto del Rey | Biblioteca Prof. Eusebio Cleto del Rey | 01/01/2000 | Vol. 10 - ene. 2000 | H311.3 GAS v.10 | R11873 | 10/04/2026 | 10/04/2026 | Numero | ||||||
| Biblioteca Prof. Eusebio Cleto del Rey | Biblioteca Prof. Eusebio Cleto del Rey | 01/05/1999 | Vol. 9 - mayo 1999 | H311.3 GAS v.9 | R00747 | 10/04/2026 | 10/04/2026 | Numero | ||||||
| Biblioteca Prof. Eusebio Cleto del Rey | Biblioteca Prof. Eusebio Cleto del Rey | 01/04/1999 | Vol. 8 - abr. 1999 | H311.3 GAS v.8 | R00742 | 10/04/2026 | 10/04/2026 | Numero | ||||||
| Biblioteca Prof. Eusebio Cleto del Rey | Biblioteca Prof. Eusebio Cleto del Rey | 01/04/1999 | Vol. 7 - abr. 1999 | H311.3 GAS v.7 | R00743 | 10/04/2026 | 10/04/2026 | Numero | ||||||
| Biblioteca Prof. Eusebio Cleto del Rey | Biblioteca Prof. Eusebio Cleto del Rey | 01/03/1999 | Vol. 6 - mar. 1999 | H311.3 GAS v.6 | R00744 | 10/04/2026 | 10/04/2026 | Numero | ||||||
| Biblioteca Prof. Eusebio Cleto del Rey | Biblioteca Prof. Eusebio Cleto del Rey | 01/03/1999 | Vol. 5 - mar. 1999 | H311.3 GAS v.5 | R08394 | 10/04/2026 | 10/04/2026 | Numero | ||||||
| Biblioteca Prof. Eusebio Cleto del Rey | Biblioteca Prof. Eusebio Cleto del Rey | 01/11/1998 | Vol. 4 - nov. 1998 | H311.3 GAS v.4 | R00745 | 10/04/2026 | 10/04/2026 | Numero | ||||||
| Biblioteca Prof. Eusebio Cleto del Rey | Biblioteca Prof. Eusebio Cleto del Rey | 02/01/1998 | Vol. 3 - ene.1996/dic. 1997 | H311.3 GAS v.3 | R00746 | 10/04/2026 | 10/04/2026 | Numero | ||||||
| Biblioteca Prof. Eusebio Cleto del Rey | Biblioteca Prof. Eusebio Cleto del Rey | 01/01/1998 | Vol. 2 - ene. 1998 | H311.3 GAS v.2 | R00757 | 10/04/2026 | 10/04/2026 | Numero |